Click Provinces Of The Philippines On A Map - Statistics

General Stats
  • This quiz has been taken 58 times
  • The average score is 58 of 83
Answers on the Map
Answers color-coded by a green-red scale on the quiz's map according to % correct below.
 
Answer Stats
Answer % Correct
Palawan
89%
Nueva Ecija
83%
Bohol
81%
Cebu
81%
Pangasinan
81%
Quezon
81%
Sulu
81%
Bataan
78%
Cagayan
78%
Eastern Samar
78%
Leyte
78%
Northern Samar
78%
Bukidnon
75%
Isabela
75%
Laguna
75%
Manila
75%
Negros Occidental
75%
Samar
75%
Southern Leyte
75%
Tawi-Tawi
75%
Zamboanga del Norte
75%
Ilocos Norte
72%
Masbate
72%
Negros Oriental
72%
Nueva Vizcaya
72%
Occidental Mindoro
72%
Surigao del Sur
72%
Zambales
72%
Zamboanga City
72%
Zamboanga Sibugay
72%
Agusan del Sur
69%
Aurora
69%
Basilan
69%
Benguet
69%
Camarines Norte
69%
Camarines Sur
69%
Catanduanes
69%
Cavite
69%
Cotabato
69%
Davao del Norte
69%
Davao del Sur
69%
Ilocos Sur
69%
La Union
69%
Marinduque
69%
Oriental Mindoro
69%
Sorsogon
69%
South Cotabato
69%
Sultan Kudarat
69%
Apayao
67%
Bulacan
67%
Davao Oriental
67%
Iloilo
67%
Kalinga
67%
Lanao del Norte
67%
Lanao del Sur
67%
Misamis Occidental
67%
Pampanga
67%
Rizal
67%
Romblon
67%
Abra
64%
Agusan del Norte
64%
Aklan
64%
Antique
64%
Batanes
64%
Batangas
64%
Camiguin
64%
Compostela Valley
64%
Dinagat Islands
64%
Ifugao
64%
Maguindanao
64%
Misamis Oriental
64%
Quirino
64%
Sarangani
64%
Surigao del Norte
64%
Tarlac
64%
Capiz
61%
Davao Occidental
61%
Mountain Province
61%
Siquijor
61%
Zamboanga del Sur
61%
Albay
58%
Biliran
58%
Guimaras
58%
No matching quizzes found
Score Distribution
Percent of People with Each Score
Percentile by Number Answered
Your Score History
You have not taken this quiz